عرض عادي
عرض مارك
- Brueckner, Jennifer K.,
مدخل إسم شخص
001 - رقم الضبط
- حقل الضبط: 64825
003 - معرف رقم الضبط
- حقل الضبط: OSt
005 - تاريخ ووقت أخر عملية
- حقل الضبط: 20180904163009.0
008 - عناصر بيانات ثابتة الطول
- حقل تحكم ثابت الطول: 180904|| aca||aabn | a|a d
040 ## - مصدر الفهرسة
- هيئة الفهرسة الأصلية: OSt
- وكالة الكتابة: OSt
100 ## - مدخل -- أسم شخص
- إسم شخص: Brueckner, Jennifer K.,
- تواريخ مرتبطة بالاسم: 1970-
- مصطلح الرابط: editor.
670 ## - بيانات المصدر موجوده
- الاستشهاد بالمصدر: Work cat.: (OSt)0: Netter, Frank H. (Frank Henry), 1906-1991, author. 16211, Atlas of human anatomy /
